Queen Mary 1867-1953 (Record no. 130194)
[ view plain ]
| 000 -LEADER | |
|---|---|
| fixed length control field | 00419nam a22001337a 4500 |
| 008 - FIXED-LENGTH DATA ELEMENTS--GENERAL INFORMATION | |
| fixed length control field | 200129b ||||| |||| 00| 0 eng d |
| 050 ## - LIBRARY OF CONGRESS CALL NUMBER | |
| Classification number | DA574.A2 |
| Item number | P6 1959 |
| 100 ## - MAIN ENTRY--PERSONAL NAME | |
| Personal name | Pope-Hennessy, James |
| 9 (RLIN) | 49082 |
| 245 ## - TITLE STATEMENT | |
| Title | Queen Mary 1867-1953 |
| Statement of responsibility, etc | James Pope-Hennessy |
| 260 ## - PUBLICATION, DISTRIBUTION, ETC. (IMPRINT) | |
| Place of publication, distribution, etc | London |
| Name of publisher, distributor, etc | George Allen and UNwin Limited |
| 300 ## - PHYSICAL DESCRIPTION | |
| Extent | 670p. ; |
| Dimensions | 24cm. |
| 600 ## - SUBJECT ADDED ENTRY--PERSONAL NAME | |
| Personal name | Mary, Queen, comfort of George v |
| 9 (RLIN) | 49083 |
| 942 ## - ADDED ENTRY ELEMENTS (KOHA) | |
| Source of classification or shelving scheme | Library of Congress Classification |
| Item type | Monograph ( Printed materials) |
| Withdrawn status | Lost status | Source of classification or shelving scheme | Damaged status | Not for loan | Collection code | Home library | Current library | Shelving location | Date acquired | Total Checkouts | Full call number | Barcode | Date last seen | Price effective from | Koha item type |
|---|---|---|---|---|---|---|---|---|---|---|---|---|---|---|---|
| Library of Congress Classification | Main Collection | ARRUPE LIBRARY | ARRUPE LIBRARY | Main Collection | 29/01/2020 | DA574.A2 P6 1959 | 46600005514 | 29/01/2020 | 29/01/2020 | Monograph ( Printed materials) |